Algebraičeskaja geometrija

Saved in:
Bibliographic Details
Format: Book
Language:Russian
Published: Moskva Mir 1981
Tags: Add Tag
No Tags, Be the first to tag this record!

MARC

LEADER 00000nam a2200000 4500
001 c130960
005 20250820075610.0
041 0 |a rus 
044 |a RU 
245 1 0 |a Algebraičeskaja geometrija  |c Robin Hartshorne 
264 1 |a Moskva  |b Mir  |c 1981 
300 |a 599 s.